Countries Levisek27 has been to by Flag Maps - Statistics

General Stats
  • This quiz has been taken 19 times
  • The average score is 20 of 21
Answer Stats
Picture Answer % Correct
Austria
100%
Belgium
100%
Finland
100%
France (2 Subdivisions)
100%
Germany (4 Subdivisions)
100%
Italy (9 Subdivisions)
100%
Sweden
100%
Croatia
94%
Czech Republic
94%
Denmark
94%
Hungary
94%
Norway
94%
Poland
94%
Slovakia
94%
Switzerland
94%
Vatican City
94%
Bosnia and Herzegovina
88%
Slovenia
88%
Liechtenstein
82%
Montenegro
82%
San Marino
82%
No matching quizzes found
Score Distribution
Percent of People with Each Score
Percentile by Number Answered
Your Score History
You have not taken this quiz